|
|
|
|
| LEADER |
00000nas a22000007a 4500 |
| 005 |
20130321163343.0 |
| 007 |
cr|||| |||| |
| 008 |
130321c20099999sq fr|p s|||| 0|||a1eng d |
| 022 |
|
|
|a 20769806
|
| 035 |
|
|
|a 7206
|
| 040 |
|
|
|a vLex
|
| 090 |
|
|
|c 3972
|d 3972
|
| 245 |
0 |
0 |
|a International Journal of Labour Research
|h [Recurso electrn̤ico]
|
| 256 |
|
|
|a Servicio en ln̕ea
|
| 260 |
|
|
|a Genv̈e :
|b International Labour Organization, represented by the International Labour Office (ILO),
|c 2009-
|
| 300 |
|
|
|a 1 Recurso electrn̤ico
|
| 506 |
|
|
|d vLex Global
|d vLex Global (Academic Edition, excluding Law Schools)
|d vLex Global (U.S. Academic Edition, Law Schools)
|d vLex Global (U.S. Academic Edition, excluding Law Schools)
|d vLex Global (Academic Edition, Law Schools)
|
| 650 |
0 |
4 |
|a Derecho laboral
|v Revistas
|
| 740 |
|
|
|a vLex Revistas (Servicio en ln̕ea)
|
| 856 |
|
|
|a Acceso restringido
|u http://www.vlex.com/source/7206
|
| 942 |
|
|
|c REV
|
| 999 |
|
0 |
|a Labor law nad legislation
|